El Partido Liberación Nacional: el ascenso de una ideología productivista /
Salvato in:
| Autore principale: | |
|---|---|
| Natura: | Tesi |
| Soggetti: | |
| Tags: |
Aggiungi Tag
Nessun Tag, puoi essere il primo ad aggiungerne!!
|
MARC
| LEADER | 00000 a a2200000 04500 | ||
|---|---|---|---|
| 001 | 28876 | ||
| 003 | |||
| 040 | |a CRAI/IIS |c CRAI/IIS | ||
| 090 | |a 19015.00 | ||
| 100 | |a Solís, Manuel Antonio | ||
| 245 | |a El Partido Liberación Nacional: el ascenso de una ideología productivista / |c Manuel Antonio Solís | ||
| 300 | |a 317 páginas | ||
| 502 | |a Tesis (Doctorado en Filosofía y Ciencias Sociales) -- Universidad Libre de Berlín, 1991 | ||
| 650 | |a PARTIDOS POLITICOS | ||
| 650 | |a MODELOS ECONOMICOS | ||
| 650 | |a REFORMA ECONOMICA | ||
| 650 | |a REFORMA POLITICA | ||
| 650 | |a RECESION ECONOMICA | ||
| 650 | |a HISTORIA POLITICA | ||
| 999 | |c 18157 |d 18157 | ||
